Tenerife, la palma, Gomera, Hierro / [por] Textos, Teodoro Martínez

Збережено в:
Бібліографічні деталі
Автор: Martínez, Teodoro (autor)
Формат: Книга
Редагування:3a edición
Предмети:
Теги: Додати тег
Немає тегів, Будьте першим, хто поставить тег для цього запису!

MARC

LEADER 00000nam^a2200000^u^4500
001 000546425
005 20250521000000.0
008 060220s1000^^^^^^^^^^^^r^^^^^000^0^spa^d
009 20260310131410.773
035 |a FMI 000016041 
037 |a Acervo Xavier Clavigero 
096 |a 3.7/25/E 
100 |a Martínez, Teodoro  |e (autor) 
245 1 0 |a Tenerife, la palma, Gomera, Hierro / [por] Textos, Teodoro Martínez 
250 |a 3a edición 
264 |a Santa Cruz de Tenerife, España : Gasteiz, 1977 
300 |a 198 p. 
336 |a texto  |b txt  |2 rdacontenido 
337 |a sin mediación  |b n  |2 rdamedio 
338 |a volumen  |b nc  |2 rdasoporte 
649 |a XX 
650 |a 1. TENERIFE -- DESCRIPCIONES Y VIAJES 2. ESPAÑA -- DESCRIPCIONES Y VIAJES 
910 |a Fondo Francisco Migoya Covarrubias S.J. 
920 |a Impresos - Libros 
930 |a Fondos Especiales 
905 |a 134 
901 |a SBC23104  |b IT2  |c ESP  |u 20250521 
902 |a https://opac.biblio.iteso.mx/vufind/Record/000546425